Szczegóły MARC21

Sternstunden der Menschheit. Teil 1 /

001 -Numer kontrolny rekordu [,]
    • @
    • pole kontrolne
    • xx005400193
003 -Nazwa instytucji [,]
    • @
    • pole kontrolne
    • NUKAT
005 -Data i czas ostatniej zmiany [,]
    • @
    • Data ostatniej zmiany
    • 20241231102046.0
007 -Forma fizyczna dokumentu dźwiękowego [,]
    • @
    • Forma fizyczna dokumentu dźwiękowego
    • sd usngnnmmned
008 -Pole stałej długości [,]
    • @
    • pole
    • 220819s2003 gw nnnng f n ger c
020 -Międzynarodowy znormalizowany numer książki - ISBN [ , ]
    • a
    • Numer ISBN
    • 3896140825 Find
035 -Inne numery kontrolne [ , ]
    • a
    • Numer kontrolny
    • (OCoLC)1343702334
040 -Instytucja sporządzająca opis [ , ]
    • c
    • Instytucja, która sporządziła rekord (NP)
    • SZCZ U/KPs
920 -ISBN [ , ]
    • a
    • ISBN
    • 3-89614-082-5 Find
942 -Rodzaj dokumentu [ , ]
    • c
    • Rodzaj dokumentu
    • Dokument Dźwiękowy - płyta
100 -Hasło główne - nazwa osobowa [1, ]
    • a
    • Nazwa osobowa (NP)
    • Zweig, Stefan
    • d
    • Daty biograficzne (NP)
    • (1881-1942).
    • e
    • RRodzaj współpracy
    • Autor
245 -Strefa tytułu i oznaczenia odpowiedzialności [1,0]
    • a
    • Tytuł
    • Sternstunden der Menschheit.
    • n
    • Numer części (P)
    • Teil 1 /
    • c
    • Pozostałe elementy strefy tytułu i oznaczenia odpowiedzialności (NP)
    • Stefan Zweig ; Sprecher Reiner Unglaub, Regie Hans Eckardt.
250 -Strefa wydania [ , ]
    • a
    • Oznaczenie wydania (NP)
    • Ungekürzter Text.
260 -Strefa adresu wydawniczego [ , ]
    • a
    • Miejsce wydania (P)
    • Beltershausen :
    • b
    • Nazwa wydawcy (P)
    • Verlag und Studio für Hörbuchproduktionen,
    • c
    • Data wydania (P)
    • copyright 2003.
300 -Strefa opisu fizycznego [ , ]
    • a
    • Określenie formy książki i/lub objętość (NP)
    • 3 płyty CD (175 min.) :
    • b
    • Inne szczegóły opisu fizycznego (NP)
    • digital, stereo ;
    • c
    • Format (NP)
    • 12 cm.
306 -Czas nagrania [ , ]
    • a
    • Czas nagrania
    • 065800
336 -Typ zawartości [ , ]
    • a
    • Termin określający typ nośnika
    • Słowo mówione
    • b
    • Kod określający zawartość
    • spw
    • 2
    • Źródło (termin i kod)
    • rdacontent
337 -Typ mediów [ , ]
    • a
    • Tryb odtwarzania
    • Audio
    • b
    • Kod typu nośnika
    • s
    • 2
    • Źródło (termin i kod)
    • rdamedia
338 -Typ/rodzaj nośnika [ , ]
    • a
    • Hasło opisujące typ nośnika
    • Płyta audio
    • b
    • Kod typu nośnika
    • sd
    • 2
    • Źródło (termin i kod)
    • rdacarrier
655 -Hasło przedmiotowe - forma [ ,7]
    • a
    • Określenie rzeczowe
    • Książki mówione
    • z
    • Określnik geograficzny
    • Niemcy
    • y
    • Określnik chronologiczny
    • 1990-.
655 -Hasło przedmiotowe - forma [ ,7]
    • a
    • Określenie rzeczowe
    • Proza austriacka
    • y
    • Określnik chronologiczny
    • 1900-1945.
700 -Hasło dodatkowe - nazwa osobowa [1, ]
    • a
    • Nazwa osobowa (NP)
    • Unglaub, Reiner
    • d
    • Daty biograficzne (NP)
    • (1942- ).
    • e
    • Określenie rodzaju współpracy (NP)
    • Wykonanie
700 -Hasło dodatkowe - nazwa osobowa [1, ]
    • a
    • Nazwa osobowa (NP)
    • Eckardt, Hans
    • d
    • Daty biograficzne (NP)
    • (1939-2009).
    • e
    • Określenie rodzaju współpracy (NP)
    • Reżyseria
Sposób nabycia Kierowanie Data inwentaryzacji Numer inwentarzowy Cena Akcesja Status udostępniania Sygnatura Data wprowadzenia opisu Kod kreskowy
dBM2022-09-08Ad.296410.0022d091/9-3Germ. Audiobooki 362022-02-022005020029640